Indagación filosófica sobre el origen de nuestras ideas acerca de lo sublime y de lo bello
Bewaard in:
| Hoofdauteur: | |
|---|---|
| Formaat: | Boek |
| Taal: | Spaans |
| Gepubliceerd in: |
Madrid
Alianza S. A
2014
|
| Editie: | 2a. ed |
| Reeks: | El Libro de Bolsillo, HU39
|
| Onderwerpen: | |
| Tags: |
Voeg label toe
Geen labels, Wees de eerste die dit record labelt!
|
MARC
| LEADER | 00000cam a2200000 a 4500 | ||
|---|---|---|---|
| 001 | UCE8923 | ||
| 003 | CL-VaPUC | ||
| 008 | 150911e20140000sp |||||||||||||||||spa|d | ||
| 020 | |a 9788420684505 | ||
| 082 | 0 | 4 | |a 111.85 |b BUR |2 21 |
| 100 | 0 | |a Burke, Edmund |e author |9 341793 | |
| 245 | 1 | 0 | |a Indagación filosófica sobre el origen de nuestras ideas acerca de lo sublime y de lo bello |
| 250 | |a 2a. ed | ||
| 300 | |a 247 p | ||
| 942 | |c BK | ||
| 945 | |d 20150911 12:29:00 |a dcastane | ||
| 260 | |a Madrid |b Alianza S. A |c 2014 | ||
| 650 | 0 | |a Estética |9 264950 | |
| 650 | 0 | |a Belleza |9 265712 | |
| 650 | 0 | |a Crítica e interpretación |9 255042 | |
| 583 | |a last modification |c 20150911 12:29:00 |k Rodrigo Vera | ||
| 490 | 0 | |a El Libro de Bolsillo, HU39 | |
| 999 | |c 360685 |d 360683 | ||
| 952 | |0 0 |1 0 |3 erb |4 0 |6 111_850000000000000_BUR_2014 |7 0 |8 A |9 470573 |a BIBEDU |b BIBEDU |c ES_NOD |i 5197988 |o 111.85 BUR 2014 |p 5197988 |r 2023-08-09 |w 2019-11-23 |y BK |z Catalogado en:20150911 |k FIL | ||